000
00290nam a22001337a 4500
008
170328b xxu||||| |||| 00| 0 eng d
020
_a
0801654254
041
_a
eng
080
_2
4 ED
_a
615.83
100
_a
8
101
_a
SHM
245
_a
ENDODONTIC THERAPY
_c
WEINE.F.S
942
_2
udc
_c
BK
999
_c
8823
_d
8823